Psicoanálisis y existencialismo : de la psicoterapia a la logoterapia

Uloženo v:
Podrobná bibliografie
Hlavní autor: Frankl, Viktor E.
Médium: Kniha
Jazyk:španělština
Vydáno: Fondo de Cultura Económica. 1978.
Témata:
Tagy: Přidat tag
Žádné tagy, Buďte první, kdo vytvoří štítek k tomuto záznamu!

MARC

LEADER 00000nam a22000005a 4500
001 11552
003 CL-ChBUA
005 20120815103338.0
008 070301s1978 mx 000 0 spa
040 |a CL-ChBUA  |c CL-ChBUA 
082 0 0 |a 616.891 
090 |c 11552  |d 11552 
100 1 |a Frankl, Viktor E. 
245 1 0 |a Psicoanálisis y existencialismo :  |b de la psicoterapia a la logoterapia 
260 |b Fondo de Cultura Económica.  |c 1978. 
300 |a 359 p.  |c 17 cm. 
504 |a Indice. 
650 4 |a PSICOTERAPIA. 
942 |c LIB 
952 |0 0  |1 0  |4 0  |7 0  |9 16633  |a UNACH  |b UNACH  |c 600  |d 2007-03-05  |i 33.091.  |l 6  |m 4  |o 616.891 4 / F 831ps.  |p 17632  |r 2026-03-30 21:28:02  |s 2025-07-04  |u 16633  |w 2012-08-08  |y LIB  |k 616.891 4 / F 831ps. 
999 |c 11552  |d 11552